00693nam a2200193Ia 450000500170000000800410001702000180005804000560007604100080013210000260014024500760016626000510024230000180029360000570031160000560036865000170042465000230044165100350046420211111074620.0130821s2005 xxu gr dspa  a9781920888225 aCO-BoUCMbspacJose A. Gerena (modificó)d[Nuevo]00aspa1 aGuevara March, Aleida10aChávez cAleida Guevara, Hugo Chávezbun hombre que anda por ahí aNueva York (Estados Unidos)bOcean Pressc2005 a145 páginas14aChávez Frias, Hugo Rafaeld1954-2013vBiografías14aChávez Frias, Hugo Rafaeld1954-2013vEntrevistas07aBiografías07aCiencia política 4aVenezuelaxHistoria política